[Event "Olympiad-34"]
[Site "Istanbul"]
[Date "2000.11.09"]
[Round "12.3"]
[White "Shabalov, Alexander"]
[Black "Lutz, Christopher"]
[Result "1/2-1/2"]
[WhiteElo "2601"]
[BlackElo "2606"]
[Annotator "Ribli,Z"]
[PlyCount "121"]
[EventDate "2000.10.28"]
[EventType "team-swiss"]
[EventRounds "14"]
[EventCountry "TUR"]
[SourceTitle "EXT 2001"]
[Source "ChessBase"]
[SourceDate "2000.11.22"]
[SourceVersion "1"]
[SourceVersionDate "2000.11.22"]
[SourceQuality "1"]
[WhiteTeam "US of America"]
[BlackTeam "Germany"]
[WhiteTeamCountry "USA"]
[BlackTeamCountry "GER"]

1. e4 c5 2. Nf3 e6 3. d4 cxd4 4. Nxd4 Nc6 5. Nc3 Qc7 6. Be2 {Diese, sogenannte
klassische Variante sowie der Aufbau mit 6.Be3 nebst 7.Bd3 bilden die beiden
aussichtsreichsten Systme für Weiß in der Taimanov - Paulsen Variante.} a6 7.
O-O Nf6 (7... b5 8. Nxc6 dxc6 9. Be3 Bb7 10. f4 c5 11. f5 $1 $36) 8. Be3 Bb4 9.
Na4 {Es ist interessant - der deutsche Großmeister spielt diese Variante mit
beiden Farben.} Be7 10. Nxc6 {Die Alternative wäre 10.c4, aber in diesem Fall
führt die Annahme des Bauernopfers 10...Ne4!? zu sehr komplitziertem Spiel.}
bxc6 11. Nb6 Rb8 12. Nxc8 Qxc8 13. Bd4 c5 14. Be5 (14. Bc3 Nxe4 15. Bxg7 Rg8
16. Bh6 c4 17. Qd4 d5 18. Bf3 Nd6 19. Bf4 Nf5 {0-1 Manakova,M-Skripchenko,A/
Vrnjacka Banja 1999/EXT 2000 (43)}) 14... Rb6 15. b3 {Weiß bereitet Bb2 vor
und befreit sich von der potentiellen Schwäche ds Pb2..} (15. Qd3 O-O (15... d6
) (15... Qc6)) 15... Nxe4 {Dieser Zug ist riskant - Schwarz verliert den Pg7 -
aber andernfalls gerät Schwarz in eine etwas passive Stellung mit nur wenig
Gegenspiel.} (15... O-O 16. Bd3 d6 17. Bb2 d5 (17... Nd7) 18. exd5 Nxd5 19. Qh5
) 16. Bxg7 Rg8 17. Be5 {Weiß verhindert das sonst starke und originelle
Turmmanöver Rd6.} (17. Bb2 Rd6 (17... Bf6 18. Bxf6 Nxf6 19. Bf3 Qc7 20. Re1 Qf4
21. Qe2 Rg5 22. Rad1 h5 23. Rd3 Ng4 24. g3 Qc7 25. Qd2 Rg6 26. Qc3 Ke7 27. Rd5
{1-0 Thipsay,P-Al Modiahki,M/Teheran 1998/EXT 99 (46)}) 18. Bd3 c4 19. bxc4 Qc6
20. Qf3 Nd2 21. Qxc6 (21. Qh3 e5 22. Bf5 Kf8 23. Rfd1 Rh6 24. Rxd2 Rxh3 25.
Bxh3 d6 26. g3 Qxc4 27. Bg2 h5 28. Bd5 Qc5 29. c4 {1/2-1/2 Van den Doel,E-Van
der Werf,M/NED 2000/CBM 76 ext (53)}) 21... Rxc6 22. Rfd1 Nxc4 23. Bd4 Na3 24.
Bb2 f5 25. h3 Kf7 26. Bxa3 Bxa3 27. Rab1 Rgc8 28. Rb7 Rd6 29. g4 Rc5 30. Rb3
Ra5 31. gxf5 exf5 {1/2-1/2 Lutz,C-Miladinovic,I/Corfu 1999/CBM 74 (31)}) 17...
Bd6 (17... Bf6 18. Bxf6 (18. f4 Nc3 19. Qd3 Nxe2+ 20. Qxe2 Be7 21. c4 Qa8 22.
Rf3 d6 23. Bc3 d5 24. cxd5 Qxd5 25. Be5 Qc6 26. Rd1 Rb4 {1/2-1/2 Zatonskih,
A-Cosma,E/Batumi GEO 1999 (50)}) 18... Nxf6 19. Bd3 (19. Bf3 $1 $14) 19... Qc6
20. f3 Rb4 21. c4 Ke7 22. Qd2 Rbb8 23. Qh6 Qd6 24. Rad1 Qe5 25. Rfe1 Qg5 26.
Qxg5 Rxg5 27. Rd2 a5 {1/2-1/2 Roser,K-Fressinet,L/FRA 1999/EXT 2000 (56)}) 18.
Bg3 (18. f4 c4 19. Kh1 Bxe5 20. fxe5 Qc5 21. Qe1 Qxe5 22. Bxc4 Rd6 23. Bd3 f5
24. Qh4 Rg4 {1/2-1/2 Marjanovic,S-Miladinovic,I/Chania 1999/EXT 2000 (34)}) (
18. Bxd6 Rxd6 19. Bd3 Qc6 20. Qf3 Nf6 21. Qxc6 Rxc6 22. Rae1 Ke7 23. f4 d6 {
0-1 Hernandez,Y-Sziva,E/Istanbul TUR 2000/The Week in Chess 314 (68)}) 18... c4
$13 {[%mdl 512] Schwarz opfert vorübergehend einen Bauern und räumt das Feld
c5 für seine Dame. Dennoch wäre die natürliche Alternative m.E. einfacher und
besser.} (18... Nxg3 $5 19. hxg3 Be5 $13) 19. Bxc4 Bxg3 20. hxg3 Qc5 {[%csl
Rg3][%cal Gc5g1] Das ist die Idee von Schwarz - nun hängt der Pg3, so dass
Schwarz das Material zurück gewinnt.} 21. Bd3 Nxg3 22. Qf3 $1 {[%cal Rf3a8,
Ra8g8] Ein starker Zwischenzug - es droht 23.Qa8+.} (22. Re1 f5 $13) 22... Ke7
(22... d5 23. Rfe1 $11) (22... Nxf1 23. Qa8+ Ke7 24. Qxg8 Ne3 25. Qxh7 $16 (25.
fxe3 Qxe3+ 26. Kh1 (26. Kf1 $2 Qf4+ 27. Kg1 (27. Ke2 Qe5+ $19 {[%cal Re5a1,
Re5e2]}) 27... Qd4+ $19 {[%cal Rd4a1,Rd4g1]}) 26... Qh6+ $11)) 23. Rfe1 Rg5 24.
Rad1 a5 $6 {Dieser Zug ist sehr optimistisch - Schwarz kümmert sich nicht um
die Verteidigung des Ph7.} (24... Nf5 25. Qf4 h6 26. Bxf5 Rxf5 27. Qh4+ Ke8 28.
c4 $14 {Weiß hat eine gesunde Bauernstruktur.}) 25. Bxh7 Rb8 {[%cal Gb8h8]} (
25... f5 $2 26. Rd5 Qb4 27. Qd1 $18) 26. Qd3 (26. Rxd7+ Kxd7 27. Qxf7+ Qe7 (
27... Kc8 28. Rxe6 $18) 28. Rd1+ Rd5 29. Rxd5+ exd5 30. Qxe7+ (30. Qxd5+ Kc7
$11) 30... Kxe7 31. fxg3 Kd6 $11) 26... d6 27. Re3 Nh5 {[%cal Gh5f6]} (27...
Rh8 28. Rxg3 Rd5 29. Qe2 $16) 28. Be4 Nf6 29. Bf3 {Weiß hat einen Bauern mehr.
Auch wenn Schwarz etwas Initiative und positionellen Druck hat, ist das doch
keine ausreichende Kompensation.} Rbg8 {[%cal Gg8g1]} 30. Qd2 Qb6 (30... Ng4 $5
{[%cal Gg4e5]}) 31. g3 Nd7 {[%cal Gd7e5]} 32. Bg2 Ne5 33. Qd4 {Nun muss
Schwarz die Damen tauschen.} (33. f4 $2 Rxg3 $19) 33... Qxd4 34. Rxd4 $16 {
Weiß hat einen gesunden Mehrbauern.} Rg4 35. Rd2 $6 (35. f4 $5 Nd7 36. Kf2 $16)
(35. Rxg4 $16) 35... Rb4 {[%csl Gb4] Schwarz hat etwas positionellen Druck am
Damenflügel. Es ist nicht leicht für Weiß, seine Bauern am Damenflügel zu
mobilisieren.} 36. Rc3 Rd8 37. Rc7+ Rd7 38. Rc8 (38. Rxd7+ Kxd7 39. f4 $16)
38... d5 39. c3 Rb6 (39... Rg4 40. f4 Ng6 41. Kf2 $16 {[%csl Rg4]}) 40. Rd4 {
[%cal Gd4a4,Ga4a5]} Ra7 (40... Nc6 41. Rh4 $16) 41. Ra4 {Alles in der weißen
Stellung ist verteidigt , es droht 42.Rc5 oder 42.b4.} Nd3 42. Bf1 {[%cal
Gf1a6]} Kd7 (42... Nb2 43. Rh4 $16 {[%csl Rb2]}) 43. Rh8 Nc5 {[%csl Gc5] Der
Springer steht gut auf c5 und erschwert Weiß die Mobilisierung der
Bauernmehrheit am Damenflügel.} 44. Rf4 Kd6 45. Rd8+ Ke7 46. Rc8 Ne4 47. Bd3 (
47. c4 a4 48. c5 Rxb3 $5 49. axb3 a3 50. Bb5 {[%cal Rc8e8,Re8e7]} (50. Rh8 Ra5
(50... a2 $2 51. Rxf7+ Kxf7 52. Rh7+ $18 {[%cal Rh7a7]}) 51. b4 a2 52. bxa5
a1=Q $132) 50... Nf6 51. Rd4 a2 52. Rd1 a1=Q 53. Rxa1 Rxa1+ 54. Kg2 $16) 47...
e5 48. Rh4 (48. Rxe4 $6 dxe4 49. Bxe4 Rd6 $13 {[%cal Gd6d2]}) 48... Nd6 (48...
Nd2 49. Kg2 $16 {[%csl Rd2]}) 49. Rc5 e4 50. Be2 a4 51. b4 d4 52. Rh6 $2 (52.
Re5+ Kf8 53. cxd4 Rxb4 54. Rd5 Ke7 55. Rh6 $16) 52... dxc3 (52... d3 53. Bd1
$16) 53. a3 {Es scheint, als sollte Weiß leicht gewinnen, denn es hängt der
Pc3, und Schwarz hat kein Gegenspiel.} {[#]} Rxb4 $1 $11 {[%mdl 256] Ein
unerwartetes und starkes Opfer.} 54. axb4 a3 {[%csl Ga3]} 55. Kg2 (55. Re5+ Kf8
56. Rxd6 a2 57. Rd1 a1=Q 58. Rxa1 Rxa1+ 59. Kg2 c2 60. Rc5 c1=Q 61. Rxc1 Rxc1
$15) 55... a2 56. Rh1 a1=Q 57. Rxa1 Rxa1 58. Rc7+ (58. Rxc3 Rb1 $11) 58... Kd8
59. Rxc3 Rb1 {Weiß kann seinen b-Bauern nicht halten - die Stellung ist
ausgeglichen.} 60. Rc6 Ke7 61. b5 1/2-1/2

[Event "GRE-GER m"]
[Site "Corfu"]
[Date "1999.10.12"]
[Round "1"]
[White "Lutz, Christopher"]
[Black "Miladinovic, Igor"]
[Result "1/2-1/2"]
[WhiteElo "2591"]
[BlackElo "2526"]
[Annotator "Ribli,Z"]
[PlyCount "62"]
[EventDate "1999.10.12"]
[EventType "schev"]
[EventRounds "5"]
[EventCountry "GRE"]
[SourceTitle "CBM 074"]
[Source "ChessBase"]
[SourceDate "2000.02.01"]
[SourceVersion "1"]
[SourceVersionDate "2000.02.01"]
[SourceQuality "1"]

1. e4 c5 2. Nf3 Nc6 3. d4 cxd4 4. Nxd4 Qc7 5. Nc3 e6 6. Be2 a6 7. O-O Nf6 8.
Be3 Bb4 9. Na4 Be7 10. Nxc6 bxc6 11. Nb6 Rb8 12. Nxc8 Qxc8 13. Bd4 c5 14. Be5
Rb6 15. b3 Nxe4 16. Bxg7 Rg8 17. Bb2 Rd6 $1 {[%csl Gd6] Der Turm steht etwas
unnatürlich auf d6, aber es droht eventuell Nd2.} 18. Bd3 (18. Qc1 $2 Nd2 19.
Rd1 Bg5 {[%csl Rc1]}) 18... c4 $1 {[%csl Rh7] Schwarz opfert zeitweilig einen
Bauern, aber schwächt die gegnerische Bauernstellung am Damenflügel.} 19. bxc4
Qc6 {[%csl Rg1,Rg2][%cal Gc6g2,Gg8g2]} 20. Qf3 $8 Nd2 $11 {[%csl Rc4][%cal
Rd2f3,Rd2f1,Rd2c4]} 21. Qxc6 Rxc6 {[%csl Rc4][%cal Rd2c4] Weiss hat das
Läuferpaar und einen Bauern mehr, aber sein c4-Bauer ist nicht zu verteidigen.}
22. Rfd1 Nxc4 23. Bd4 (23. Bxc4 $6 Rxc4 24. Rd2 d5 $15) 23... Na3 (23... f5 $11
) 24. Bb2 (24. Bxh7 Rg4 $44) (24. Rac1 $6 Bg5 {[%csl Rc1][%cal Rg5c1]}) 24...
f5 (24... Nxc2 25. Rac1 Nb4 26. Bxh7 $11) 25. h3 Kf7 (25... Nxc2 26. Rac1 Nb4
27. Rxc6 dxc6 28. Bc4 $11) 26. Bxa3 Bxa3 {Die Stellung ist materiell gleich
und die Anwesenheit der ungleichfarbigen Läufer macht das Remisergebnis
wahrscheinlich.} 27. Rab1 Rgc8 28. Rb7 Rd6 29. g4 Rc5 (29... fxg4 30. hxg4 $11)
30. Rb3 Ra5 31. gxf5 exf5 {Und in gleicher Stellung Remis gegeben.} 1/2-1/2

[Event "Bermuda-A"]
[Site "Bermuda"]
[Date "2002.01.23"]
[Round "3"]
[White "Handke, Florian"]
[Black "Macieja, Bartlomiej"]
[Result "0-1"]
[WhiteElo "2450"]
[BlackElo "2612"]
[Annotator "Ribli,Z"]
[PlyCount "86"]
[EventDate "2002.01.21"]
[EventType "tourn"]
[EventRounds "9"]
[EventCountry "BER"]
[EventCategory "10"]
[SourceTitle "CBM 088"]
[Source "ChessBase"]
[SourceDate "2002.03.21"]
[SourceVersion "1"]
[SourceVersionDate "2002.03.21"]
[SourceQuality "1"]

1. e4 c5 2. Nf3 Nc6 3. d4 cxd4 4. Nxd4 Qc7 5. Nc3 e6 6. Be3 a6 7. Be2 Nf6 8.
O-O Bb4 9. Na4 O-O {Heutzutage wird diese Variante seltener gespielt - der
Läuferzug 9...Be7 ist populärer. - GM Macieja spielt diese Variante übrigens
mit beiden Farben.} 10. Nxc6 (10. c4) 10... bxc6 11. Nb6 Rb8 12. Nxc8 Rfxc8 13.
Bxa6 Rf8 $5 {Dieser - auf den ersten Blick sonderbare - Turmzug ist die Pointe
des Bauernopfers. Der Sinn des Zuges ist, dass der Pf7 in der folgenden langen
Variante gedeckt ist. Wie? Siehe die Anmerkung nach 15.f4.} (13... Rd8) 14. Bd3
Bd6 15. f4 (15. Kh1 Be5 16. c3 Rxb2 17. Qc1 Ng4 18. f4 (18. Qxb2 Bxc3 $19 {
[%cal Rc7h2,Rc3b2]}) 18... Nxe3 19. Qxb2 Nxf1 20. Rxf1 Bxf4 21. Qf2 Be5 $17 {
Jetzt sehen wir den feinen aber gewichtigen Unterschied zwischen 13...Rd8 und
13...Rf8 - dank Rf8 ist der Pf7 verteidigt.}) 15... e5 16. b3 (16. f5 Rxb2 17.
g4 Qa5 18. g5 Ne8 {Das ist eine kritische Stellung der Variante 13...Rf8 -
Weiß hat starken Angriff, aber auch Schwarz bekommt seine Chancen.}) 16... exf4
17. Bd4 f3 $1 (17... Be5 18. Bxe5 Qxe5 19. Qf3 $14) 18. g3 {Der Textzug führt
zu einem taktischen Kampf, in dem die Chancen etwas besser für Schwarz stehen.
Die Alternative 18.e5 scheint mir sicherer, hier kann Weiß kaum verlieren.} (
18. e5 Bxe5 19. Bxe5 f2+ 20. Rxf2 Qxe5 21. Re2 (21. Kh1 Rbe8 22. Rf5 Qc3 23.
Rf3 Qe5 24. Rf5 Qc3 25. Rf3 Qe5 {1/2-1/2 Illescas Cordoba,M-Cramling,P/
Tarrassa 1990/CBM 19/[Boensch,U] (25)}) 21... Qc5+ 22. Kh1 Rfe8 23. a4 Rxe2 24.
Qxe2 Re8 25. Qf3 d5 (25... h5) 26. a5 Ne4 27. g3 Nf2+ 28. Kg2 Nxd3 29. Qxd3 Re3
30. Qd1 Rc3 {1/2-1/2 Narciso Dublan,M-De la Riva Aguado,O/Pamplona ESP 2002/
(37)}) (18. Qxf3 Bxh2+ 19. Kh1 Be5 20. Bxe5 Qxe5 21. Rae1 Nh5 22. Re3 g6 23.
Bc4 Rbe8 24. Rd3 Re7 25. Rfd1 Nf6 26. Rd6 Kg7 27. a4 Nd5 {0-1 Furlan,
M-Marciano,D/Paranana 1993/EXT 97 (41)}) 18... Bxg3 19. Bxf6 gxf6 20. e5 {
Das Bauernopfer öffnet die Diagonale für den weißen Bd3.} (20. Rxf3 Bxh2+ 21.
Kh1 Be5 22. Rh3 Rfe8 23. Qg4+ Kf8 24. Rg1 Ke7 25. Rxh7 Rh8 26. Qh5 Rxh7 27.
Qxh7 f5 {0-1 Rowson,J-Tregubov,P/NED 2001/EXT 2002 (50)}) 20... Bxe5 (20...
fxe5 {Dieser Zug wirkt sehr unnatürlich, aber es ist nicht leicht, eine
konkrete Widerlegung zu finden.} 21. Rxf3 $1 (21. Qxf3 Bf4 22. Qg4+ (22. Qh3 f5
23. Bxf5 d5 $15) 22... Kh8 23. Qf5 Rg8+ 24. Kh1 Rg7 25. Rg1 Rbg8 26. Rg4 (26.
Qf6 e4 {[%cal Rf4e5,Re5a1,Re5f6]} (26... Qd8 $2 27. Rxg7 Qxf6 28. Rxh7#)) 26...
Qd6 27. Rh4 h6 $15) (21. hxg3 e4 {[%cal Rc7g3,Rg3g1]} 22. Kh2 f5 $15) 21... Bf4
22. Kh1 {Dieser Zug öffnet Weiß die g-Linie - das ist sehr unangenehm für
Schwarz.} d5 (22... f5 23. Qg1+ Kh8 (23... Kf7 24. Bxf5 $40) 24. Rxf4 exf4 25.
Qd4+ Kg8 26. Rg1+ Kf7 27. Qg7+ Ke6 (27... Ke8 28. Re1+) 28. Bc4+ Kd6 29. Rd1+
Kc5 30. Qd4+ Kb4 31. a3+ $18) 23. Rxf4 exf4 24. Bxh7+ Kh8 (24... Kxh7 25. Qh5+
Kg7 26. Qg5+ Kh7 27. Rg1 $18) 25. Qh5 $18) 21. Qxf3 Rfe8 {Schwarz schafft ein
Schlupfloch für seinen König auf f8.} (21... Bxa1 $2 22. Bxh7+ $1 Kh8 (22...
Kxh7 23. Qh5+ Kg7 24. Qg4+ Kh7 25. Rf3 $18) 23. Qh5 Kg7 24. Qg4+ $11 (24. Kh1)
24... Kh8 25. Kh1 {[%cal Rf1g1,Rg1g7]} Qe5 26. Rg1 Qg5 27. Qh3 $16) 22. Rad1
Kf8 {[%mdl 256]} (22... Bxh2+ 23. Kh1 Be5 $13) 23. Kh1 Ke7 $15 {Der schwarze
König befindet sich zwar in der Mitte, aber er steht hier sicherer als sein
weißer Gegenspieler.} 24. Rde1 {Droht 25.Qxf6+.} Kd8 {[%csl Gd8] Der schwarze
König findet endlich Ruhe auf d8.} 25. Rg1 Qa5 26. Re4 {[%cal Ge4a4]} (26. a4
Kc7 $15) 26... Kc7 (26... Qxa2 27. Ra4 Qb2 $13) 27. Ra4 Qd2 28. Qh3 (28. Rg2
Qc1+ (28... Qc3 $15) 29. Rg1 Qd2 $11) 28... Ra8 29. Rg2 (29. Rxa8 Rxa8 30. a4
$15) 29... Qe1+ 30. Rg1 Qd2 31. Rg2 Qc3 {Schwarz gibt sich nicht mit
Zugwiederholung zufrieden.} 32. Rc4 Qa1+ 33. Rg1 Qxa2 {Schwarz hat schon zwei
Bauern mehr, aber die Realisierung des Vorteils ist nicht leicht.} 34. Rd1 (34.
Bxh7 d5 35. Rcg4 $15) 34... Re7 35. Bf5 d5 $17 36. Rc5 (36. Rxd5 Qb1+ 37. Kg2
Ra1 $19 {[%csl Rg2][%cal Ra1h1]}) 36... Bd6 37. Rc3 Qb2 38. Qf3 Re5 {Es droht
39...Rxf5 mit sofortigem Gewinn.} 39. Bh3 Ra1 $19 {[%mdl 128] Nach diesem Zug
bleibt Weiß keine Verteidigung gegen die vielseitigen Drohungen.} 40. Rxa1 (40.
Rf1 Ree1 $19) (40. Rcd3 Qxc2 41. Rxa1 Re1+ 42. Rxe1 Qxh2#) 40... Qxa1+ 41. Kg2
(41. Bf1 Re1 42. Kg2 Rxf1 $17) 41... Rg5+ 42. Kf2 Bc5+ 43. Ke2 (43. Rxc5) 43...
Re5+ 0-1

[Event "Alushta2"]
[Site "Alushta"]
[Date "1994.??.??"]
[Round "1"]
[White "Varavin, Viktor"]
[Black "Tregubov, Pavel V"]
[Result "1-0"]
[WhiteElo "2510"]
[BlackElo "2495"]
[Annotator "Ribli,Z"]
[PlyCount "63"]
[EventDate "1994.02.??"]
[EventType "tourn"]
[EventRounds "9"]
[EventCountry "UKR"]
[EventCategory "12"]
[SourceTitle "CBM 041"]
[Source "ChessBase"]
[SourceDate "1994.08.01"]
[SourceVersion "1"]
[SourceVersionDate "1994.08.01"]
[SourceQuality "1"]

1. e4 c5 2. Nf3 Nc6 3. d4 cxd4 4. Nxd4 e6 5. Nc3 Qc7 6. Be2 a6 7. O-O Nf6 8.
Be3 Bb4 9. Na4 O-O 10. c4 Bd6 11. g3 Nxe4 12. Bf3 f5 (12... Nf6 13. c5 Nxd4 14.
Bxd4 Be7 15. Rc1 d5 16. cxd6 Qxd6 17. Nb6 e5 18. Bc5 $16 {Todorovic,G-Sokolov,
I/Yugoslavia ch/1988/INF45,(218)/}) 13. c5 Be5 14. Bxe4 fxe4 15. a3 $5 (15. Qd2
$6 Bxd4 16. Bxd4 d5 17. cxd6 Qxd6 18. Rfd1 b5 $13 {Varavin,V-Tregubov,P/
Kobanya op/1992/}) (15. Nb6 Rb8 16. Nc4 Bf6 17. Qd2 $6 (17. Rc1 $5 $44) 17...
Nxd4 18. Bxd4 d5 $13 {Gufeld,E-Conquest,S/Hastings/1986/INF43,(234)/}) 15...
Rd8 (15... d5 16. cxd6 Bxd6 17. Nxc6 bxc6 18. Nb6 Rb8 19. Nc4 $44) 16. Nb6 Rb8
17. Nc4 d5 (17... Bf6 18. Rc1 $44) 18. cxd6 Bxd6 19. Nxd6 Rxd6 (19... Qxd6 20.
Nxc6 Qxd1 21. Raxd1 Rxd1 22. Rxd1 bxc6 23. Rd8+ $16) 20. Qh5 $1 $44 Bd7 (20...
Qf7 $5) 21. Nxc6 Qxc6 (21... Rxc6 $2 22. Bf4 $18) 22. Rac1 $1 (22. Bf4 Rd5 $13)
22... Qd5 23. Qh4 Bb5 24. Rfe1 Rf8 (24... Re8 $5) 25. h3 Qf5 (25... Rd7 $5 $13)
26. Rc7 Rd7 27. Rec1 Rxc7 (27... h6 28. Rxd7 Bxd7 29. Rc7 Bc6 30. Qe7 Rf7 31.
Qd8+ Rf8 32. Qe7 $10) 28. Rxc7 Qe5 29. Qe7 $1 Qxb2 30. Bc5 Ra8 31. Qf7+ Kh8 32.
Bf8 1-0

[Event "RUS-Cup4"]
[Site "Perm"]
[Date "1997.02.12"]
[Round "5"]
[White "Varavin, Viktor"]
[Black "Fominyh, Alexander"]
[Result "1/2-1/2"]
[WhiteElo "2505"]
[BlackElo "2545"]
[Annotator "Ribli,Z"]
[PlyCount "81"]
[EventDate "1997.02.02"]
[EventType "swiss"]
[EventRounds "9"]
[EventCountry "RUS"]
[SourceTitle "CBM 058"]
[Source "ChessBase"]
[SourceDate "1997.06.01"]
[SourceVersion "1"]
[SourceVersionDate "1997.06.01"]
[SourceQuality "1"]

1. e4 c5 2. Nf3 Nc6 3. d4 cxd4 4. Nxd4 e6 5. Nc3 Qc7 6. Be2 a6 7. O-O Nf6 8.
Be3 Bb4 9. Na4 Be7 10. c4 d6 11. Nc3 {[%csl Yc3,Yc4,Yd4,Ye3,Ye4]} Ne5 (11...
O-O 12. Rc1 Bd7 13. Nd5 $1 {ist ein bekanntes Motiv bei der gegenüberstellung
von Rc1und Qc7.Ribli.} exd5 14. cxd5 Nxe4 15. Bf3 $36 {[%csl Rc6]}) 12. Rc1 O-O
13. f4 Ng6 {Ein bekanntes Mittel. Der Springer auf g6 provoziert den Zug f4-f5,
wonach Schwarz ein idealen Stützpunkt fuer den Springer bekommt.Ribli.} (13...
Nxc4 $4 14. Bxc4 Qxc4 15. Nd5 $18) (13... Ned7 14. Bf3 {Und Weiss hat klaren
Raumvorteil.Ribli.}) 14. f5 Ne5 15. Kh1 {Weiss bereitet einen eventuellen
Vorstoss mit g2-g4 vor.Ribli.} h6 $5 {[%cal Yf6h7,Ye7g5] Schwarz wartet nicht
auf den weissen Angriff; er beginnt aktive Gegenaktion am Koenigsfluegel.Ribli.
} 16. Qe1 Nh7 17. Qg3 Bg5 {Die schwarze Strategie ist klar - er spielt
hauptsächlich auf den dunkelfarbigen Feldern, wo er stark steht, weil der
weise e2-Laufer nicht besonders gut steht.Dennoch hat Weiß Raumvorteil am
Koenigsfluegel.Ribli.} 18. Bxg5 hxg5 (18... Nxg5 19. f6 $40 {[%csl Rg7]}) 19.
Nf3 {Natürlich will Weiss den starken sxchwarzen Springer tauschen.Ribli.} Nxf3
20. Rxf3 Re8 21. Bd3 (21. Rcf1 Qc5 22. fxe6 Bxe6 $11) 21... Qc5 22. Qg4 {
[%cal Yf3h3,Yg4h5,Yh5h8] Weiss bereitet 23.Rh3 und Qh5 vor.Ribli.} exf5 {
Schwarz kann diesen Zug nicht vermeiden, sonst bekommt er kein Gegenspiel. Der
Punkt d5 ist etwas schwach, aber Schwarz kann das überleben.Ribli.} 23. exf5
Bd7 24. Nd5 (24. Rh3 Qf2 $1 $13 {[%csl Gf2][%cal Re8e1]}) (24. Qh5 $5 {[%cal
Yc1f1,Yf3h3]}) 24... Qa5 $11 {[%cal Re8e1] Droht zugleich 25...Re1 mit
Vereinfachungen und Bauer a2 hängt.Ribli.} 25. b4 Qxa2 26. Qh5 {[%cal Yf3h3,
Yh5h8]} Qd2 $8 27. Rcf1 {[%cal Yf3h3,Yh5h7]} g4 $1 28. Qxg4 Re1 29. Rg3 Rxf1+
30. Bxf1 Qh6 {[%cal Yh7f6,Yf6d5,Yf6g4] In den letzten forcierten Varianten
hatt Schwarz immer nur einzige Züge. Schwarz droht jetzt mit 31...Nf6.Ribli.}
31. Ne7+ Kf8 (31... Kh8 $2 32. Rh3 Qf6 33. Qh5 $18) 32. Rh3 Qf6 (32... Qg5 $2
33. Qxg5 Nxg5 34. Rh8+ Kxe7 35. Rxa8 $18) 33. Rxh7 (33. Nd5 Qxf5 34. Qxf5 (34.
Rxh7 $4 Qxf1#) 34... Bxf5 $15) 33... Kxe7 34. Qe4+ Qe5 35. Qh4+ (35. Qxb7 Qxf5
{[%cal Rf5h7,Rf5f1]}) 35... Qf6 $8 36. Qe4+ Qe5 37. Qh4+ Qf6 38. Qe4+ Qe5 39.
Qh4+ Qf6 40. Qe1+ {Noch ein Schach, aber das ändert nicht das Endergebniss.
Ribli.} Qe5 41. Qh4+ {Und endlich remis mit Zugwiederholung.Wir haben jetzt
das 4.Mal die gleiche Stellung am Brett.Ribli.} 1/2-1/2